| 000 | 00565 a2200205 4500 | ||
|---|---|---|---|
| 005 | 20260401102521.0 | ||
| 008 | 260325b |||||||| |||| 00| 0 eng d | ||
| 020 |
_a9789371261401 _cRs. 3295.00 |
||
| 040 | _aMAIN | ||
| 082 |
_a346.066 _bT199C(25) |
||
| 100 | _aTaxmann | ||
| 245 | _aCompany law manual: A compendium of companies act 2013 along with relevant rules | ||
| 250 | _a25th | ||
| 260 |
_bTaxmann Publications _c2025 _aNew Delhi |
||
| 300 | _av. | ||
| 650 | _aLaw | ||
| 650 | _aCorporation Law-India | ||
| 650 | _aCompany Law- India | ||
| 942 | _cBK | ||
| 999 |
_c396356 _d396356 |
||